10 Biggest Cities/Towns in each European Country - Statistics

General Stats
  • This quiz has been taken 370 times
    326 since last reset
  • The average score is 138 of 428
Answer Stats
Country # Population City/Town % Correct
Albania 1 418,495 Tirana
92%
Greece 1 3,168,846 Athens
82%
Netherlands 1 1,027,860 Amsterdam
81%
France 1 2,206,488 Paris
80%
Netherlands 2 798,015 Rotterdam
80%
Bulgaria 1 1,238,438 Sofia
80%
Germany 1 3,613,495 Berlin
79%
Hungary 1 1,749,734 Budapest
79%
United Kingdom 1 8,869,898 London
79%
Norway 1 988,873 Oslo
79%
Italy 1 2,872,800 Rome
79%
Austria 1 2,210,823 Vienna
79%
Montenegro 5 13,503 Bar
78%
Denmark 1 1,308,893 Copenhagen
78%
Ireland 1 553,165 Dublin
78%
United Kingdom 6 549,305 Manchester
78%
Italy 2 1,366,180 Milan
78%
Poland 1 1,764,615 Warsaw
78%
Croatia 1 688,163 Zagreb
78%
Spain 2 1,620,809 Barcelona
77%
Germany 2 1,830,584 Hamburg
77%
Finland 1 643,272 Helsinki
77%
Portugal 1 552,700 Lisbon
77%
Luxembourg 1 116,323 Luxembourg
77%
Spain 1 3,182,981 Madrid
77%
France 2 861,635 Marseille
77%
Belarus 1 1,982,444 Minsk
77%
Germany 3 1,456,039 Munich
77%
Italy 3 966,144 Naples
77%
Czech Republic 1 1,294,513 Prague
77%
Iceland 1 124,847 Reykjavík
77%
Latvia 1 637,971 Rīga
77%
Andorra 1 19,588 Andorra la Vella
76%
Belgium 1 2,039,227 Brussels
76%
Romania 1 1,883,425 Bucharest
76%
Ukraine 1 2,934,522 Kiev
76%
France 3 513,275 Lyon
76%
Monaco 1 37,308 Monaco
76%
Belgium 6 240,513 Mons
76%
Russia 1 12,342,615 Moscow
76%
Russia 2 5,351,935 Saint Petersburg
76%
Bosnia and Herzegovina 1 348,363 Sarajevo
76%
Estonia 1 430,805 Tallinn
76%
Netherlands 3 753,010 The Hague
76%
Switzerland 5 133,798 Bern
75%
United Kingdom 2 1,140,754 Birmingham
75%
Sweden 1 1,705,718 Stockholm
75%
Lithuania 1 536,692 Vilnius
75%
Switzerland 1 409,241 Zurich
75%
Germany 5 746,878 Frankfurt am Main
74%
United Kingdom 3 612,040 Glasgow
74%
United Kingdom 4 571,733 Liverpool
74%
San Marino 3 2,294 San Marino
74%
Greece 2 806,635 Thessaloníki
74%
Liechtenstein 2 5,521 Vaduz
74%
Belgium 2 1,030,289 Antwerp
73%
France 9 249,712 Bordeaux
73%
Germany 4 1,080,394 Cologne
73%
Poland 2 767,348 Krakow
73%
United Kingdom 8 500,155 Leeds
73%
Slovenia 1 280,940 Ljubljana
73%
France 5 342,522 Nice
73%
Portugal 2 237,591 Porto
73%
Italy 4 882,523 Turin
73%
Vatican City 1 832 Vatican City
73%
Serbia 1 1,166,763 Belgrade
72%
Slovakia 1 429,564 Bratislava
72%
Macedonia 1 505,400 Skopje
72%
Spain 3 787,808 Valencia
72%
Norway 2 254,235 Bergen
71%
Moldova 1 532,513 Chișinău
71%
Ireland 2 125,622 Cork
71%
Sweden 2 637,137 Gothenburg
71%
Kosovo 1 155,499 Priština
71%
France 4 471,941 Toulouse
71%
United Kingdom 9 488,050 Edinburgh
70%
Italy 8 380,948 Florence
70%
Switzerland 2 200,548 Geneva
70%
Italy 5 668,405 Palermo
70%
Poland 6 464,254 Gdańsk
69%
Sweden 3 312,012 Malmö
69%
Spain 10 345,110 Bilbao
67%
Germany 7 617,280 Dusseldorf
67%
Montenegro 1 150,977 Podgorica
67%
Austria 5 227,394 Salzburg
67%
Croatia 2 167,121 Split
67%
Austria 2 341,201 Graz
66%
France 10 232,741 Lille
66%
Germany 6 632,743 Stuttgart
66%
Denmark 2 273,077 Aarhus
64%
Italy 7 389,261 Bologna
64%
Spain 6 569,002 Málaga
64%
Austria 4 228,148 Innsbruck
63%
Ukraine 3 1,011,494 Odessa
63%
France 8 277,270 Strasbourg
63%
Spain 5 664,938 Zaragoza
63%
Switzerland 3 171,513 Basel
62%
Germany 9 583,393 Essen
62%
Italy 6 580,097 Genoa
62%
Belgium 4 457,592 Ghent
62%
France 6 303,382 Nantes
62%
Netherlands 4 345,960 Utrecht
62%
Poland 3 690,422 Lodz
61%
Spain 4 689,434 Sevilla
61%
Poland 4 638,586 Wrocław
61%
Ukraine 2 1,450,082 Kharkiv
60%
Germany 10 581,980 Leipzig
59%
Czech Republic 2 379,527 Brno
58%
Ukraine 5 918,917 Donetsk
58%
Netherlands 5 285,355 Eindhoven
58%
United Kingdom 7 541,763 Sheffield
58%
United Kingdom 5 567,111 Bristol
57%
Germany 8 586,600 Dortmund
57%
Spain 9 377,650 Las Palmas de Gran Canaria
57%
Switzerland 4 138,905 Lausanne
57%
Austria 3 270,018 Linz
57%
Ukraine 7 726,772 Lviv
57%
Poland 5 538,633 Poznań
57%
Belgium 3 671,960 Liège
56%
Italy 9 323,370 Bari
55%
Belgium 8 169,482 Brugge
54%
France 7 277,639 Montpellier
54%
Russia 5 1,259,013 Nizhny Novgorod
54%
Spain 7 443,243 Murcia
53%
Spain 8 406,492 Palma de Mallorca
53%
Norway 4 180,557 Trondheim
53%
Russia 4 1,468,833 Yekaterinburg
53%
Italy 10 311,620 Catania
52%
Romania 2 324,576 Cluj-Napoca
52%
Ukraine 4 1,000,506 Dnepropetrovsk
52%
Greece 4 157,452 Heraklion
52%
Ireland 4 58,319 Limerick
52%
Bulgaria 3 335,854 Varna
52%
Ireland 3 79,504 Galway
50%
Serbia 2 231,798 Novi Sad
50%
Denmark 4 114,194 Aalborg
49%
Lithuania 2 288,466 Kaunas
48%
Russia 6 1,243,500 Kazan
48%
Finland 3 231,853 Tampere
48%
Belarus 6 347,576 Brest
47%
Russia 3 1,612,833 Novosibirsk
47%
Russia 10 1,130,305 Rostov-on-Don
47%
Czech Republic 3 290,450 Ostrava
46%
Finland 5 201,810 Oulu
46%
Bulgaria 2 345,213 Plovdiv
46%
Belgium 5 410,696 Charleroi
45%
Netherlands 9 200,900 Groningen
45%
United Kingdom 10 464,395 Leicester
45%
Denmark 3 178,210 Odense
45%
Poland 7 403,883 Szczecin
45%
Russia 9 1,163,399 Samara
44%
Finland 6 189,669 Turku
44%
Sweden 4 157,303 Uppsala
44%
Norway 3 220,943 Stavanger
41%
Romania 5 283,872 Constanța
40%
Poland 9 339,850 Lublin
40%
Hungary 2 202,214 Debrecen
39%
Finland 2 279,044 Espoo
39%
Slovenia 2 94,642 Maribor
39%
Romania 3 319,279 Timișoara
39%
Bosnia and Herzegovina 2 135,059 Banja Luka
38%
Switzerland 10 54,640 Biel
38%
Russia 8 1,172,070 Omsk
38%
Croatia 5 71,471 Zadar
38%
Romania 4 290,422 Iași
37%
Slovakia 2 239,095 Košice
37%
Malta 2 20,009 Mosta
37%
Portugal 5 136,885 Braga
36%
Bulgaria 4 202,694 Burgas
36%
Russia 7 1,202,371 Chelyabinsk
36%
Serbia 3 183,164 Niš
36%
Croatia 3 128,384 Rijeka
36%
Ireland 5 48,369 Waterford
36%
Belarus 2 535,693 Gomel
35%
Bosnia and Herzegovina 5 60,195 Mostar
34%
Estonia 2 93,715 Tartu
34%
Moldova 2 133,807 Tiraspol
34%
Lithuania 3 149,015 Klaipėda
33%
Norway 8 61,536 Kristiansand
33%
Kosovo 4 48,962 Peć
33%
Ukraine 10 444,493 Mariupo
32%
Hungary 5 144,188 Pécs
32%
Croatia 6 57,460 Pula
32%
Liechtenstein 1 6,039 Schaan
32%
Greece 3 195,265 Patras
31%
Portugal 7 105,842 Coimbra
29%
Hungary 6 130,094 Győr
29%
Poland 8 352,313 Bydgoszcz
28%
Latvia 2 83,250 Daugavpils
28%
Switzerland 9 63,494 Lugano
28%
Austria 7 113,808 Klagenfurt
27%
Greece 5 144,651 Larissa
27%
Sweden 10 96,658 Norrköping
27%
Czech Republic 4 170,936 Pilsen
27%
Romania 7 253,200 Brașov
26%
Sweden 9 96,968 Jönköping
26%
Sweden 7 113,558 Linköping
26%
Switzerland 7 81,401 Luzern
25%
Sweden 6 119,091 Örebro
25%
Bosnia and Herzegovina 3 74,457 Tuzla
25%
Poland 10 297,288 Białystok
24%
Portugal 6 111,541 Funchal
24%
Estonia 3 56,103 Narva
24%
Switzerland 8 75,522 St. Gallen
24%
Hungary 3 161,122 Szeged
24%
Denmark 5 72,398 Esbjerg
23%
Netherlands 10 192,925 Haarlem
23%
Belgium 9 162,580 Namur
23%
Czech Republic 6 100,494 Olomouc
23%
Belarus 5 370,298 Vitebsk
23%
Switzerland 6 110,912 Winterthur
23%
Belarus 4 370,919 Grodno
22%
Sweden 8 108,334 Helsingborg
22%
Croatia 4 84,104 Osijek
22%
Ukraine 6 745,432 Zaporizhia
22%
Portugal 8 98,131 Setúbal
21%
Iceland 4 18,542 Akureyri
20%
Macedonia 3 71,890 Bitola
20%
Greece 7 88,525 Chanía
20%
Luxembourg 2 35,040 Esch-sur-Alzette
20%
Czech Republic 5 103,979 Liberec
20%
Belarus 3 381,353 Mogilev
20%
Estonia 4 39,375 Pärnu
20%
Kosovo 2 85,119 Prizren
20%
Netherlands 8 204,990 Tilburg
20%
Sweden 5 121,806 Västerås
20%
Romania 6 269,506 Craiova
19%
Norway 5 116,446 Drammen
19%
Iceland 5 17,555 Keflavík og Njarðvík
19%
Ukraine 8 486,255 Kryvyi Rih
19%
Latvia 3 69,180 Liepāja
19%
Finland 4 223,027 Vantaa
19%
Romania 8 249,432 Galați
18%
San Marino 1 4,802 Serravalle/Dogana
18%
Bosnia and Herzegovina 4 70,553 Zenica
18%
Norway 9 52,163 Ålesund
17%
Malta 1 22,314 Birkirkara
17%
Montenegro 6 13,338 Budva
17%
Czech Republic 7 93,863 Budweis
17%
Slovenia 5 25,521 Koper
17%
Hungary 4 155,650 Miskolc
17%
Macedonia 8 38,900 Ohrid
17%
Serbia 5 97,910 Subotica
17%
Greece 6 130,094 Vólos
17%
Moldova 3 97,930 Bălți
16%
Slovenia 3 37,959 Celje
16%
Finland 7 140,188 Jyväskylä
16%
Ukraine 9 486,255 Mykolaiv
16%
Denmark 10 50,781 Roskilde
16%
Portugal 4 175,136 Amadora
15%
Ireland 7 29,471 Drogheda
15%
Netherlands 6 256,825 Leiden
15%
Montenegro 2 56,970 Nikšić
15%
Slovakia 6 77,048 Nitra
15%
Belarus 10 137,961 Pinsk
15%
Slovakia 3 89,138 Prešov
15%
Latvia 6 34,855 Ventspils
15%
Ireland 6 32,288 Dundalk
14%
Greece 8 85,803 Ioánnina
14%
Iceland 2 35,966 Kópavogur
14%
Serbia 4 150,835 Kragujevac
14%
Belgium 7 186,575 Leuven
14%
Romania 9 209,945 Ploiești
14%
Portugal 3 186,502 Vila Nova de Gaia
14%
Andorra 2 14,767 Escaldes-Engordany
13%
Latvia 5 49,073 Jūrmala
13%
Croatia 8 46,833 Karlovac
13%
Slovenia 4 37,313 Kranj
13%
Macedonia 2 73,360 Kumanovo
13%
Finland 9 118,209 Kuopio
13%
Romania 10 196,367 Oradea
13%
Bulgaria 7 97,557 Pleven
13%
Denmark 6 62,687 Randers
13%
Andorra 4 7,967 Sant Julià de Lòria
13%
Croatia 10 34,302 Šibenik
13%
Slovakia 4 80,978 Žilina
13%
Bosnia and Herzegovina 7 39,893 Brčko
12%
Andorra 3 8,019 Encamp
12%
Lithuania 4 100,618 Šiauliai
12%
Bulgaria 6 136,307 Stara Zagora
12%
Macedonia 5 56,080 Tetovo
12%
Albania 3 79,513 Vlora
12%
Austria 9 87,744 Wels
12%
Montenegro 4 13,918 Cetinje
11%
Netherlands 7 217,980 Dordrecht
11%
Luxembourg 4 20,869 Dudelange
11%
Slovenia 7 23,335 Novo Mesto
11%
Finland 10 84,587 Pori
11%
Slovakia 7 65,382 Trnava
11%
Slovakia 5 78,484 Banská Bystrica
10%
Norway 6 111,267 Fredrikstad
10%
Czech Republic 9 92,917 Hradec Králové
10%
Slovakia 10 51,486 Poprad
10%
Croatia 7 53,531 Slavonski Brod
10%
Malta 3 19,843 St. Paul's Bay
10%
Slovakia 8 55,537 Trenčín
10%
Denmark 9 56,567 Vejle
10%
Portugal 9 96,404 Almada
9%
Bosnia and Herzegovina 8 39,690 Bihać
9%
Luxembourg 3 26,193 Differdange
9%
Denmark 8 58,646 Horsens
9%
Latvia 4 56,383 Jelgava
9%
Denmark 7 60,508 Kolding
9%
Serbia 9 66,527 Novi Pazar
9%
Lithuania 5 88,715 Panevėžys
9%
Czech Republic 10 90,335 Pardubice
9%
Malta 5 16,140 Sliema
9%
Czech Republic 8 93,040 Ústí nad Labem
9%
Croatia 9 38,839 Varaždin
9%
Bosnia and Herzegovina 6 41,121 Bijeljina
8%
Liechtenstein 5 4,387 Eschen
8%
Iceland 3 29,409 Hafnarfjörður
8%
Hungary 8 110,638 Kecskemét
8%
Belgium 10 148,881 Kortrijk
8%
Serbia 10 64,175 Kraljevo
8%
Slovakia 9 54,978 Martin
8%
Serbia 10 64,175 Smederevo
8%
Hungary 9 97,382 Székesfehérvár
8%
Liechtenstein 3 5,155 Triesen
8%
Iceland 9 7,249 Akranes
7%
Belarus 7 217,546 Babruysk
7%
Liechtenstein 4 4,591 Balzers
7%
Serbia 8 73,331 Čačak
7%
Bosnia and Herzegovina 10 24,349 Doboj
7%
Albania 2 113,249 Durrësi
7%
Montenegro 9 11,059 Herceg Novi
7%
Kosovo 5 46,230 Kosovska Mitrovica
7%
Hungary 7 117,121 Nyíregyháza
7%
Macedonia 4 64,830 Prilep
7%
Slovenia 8 17,793 Ptuj
7%
Iceland 8 7,564 Selfoss
7%
Norway 7 92,753 Skien
7%
Bulgaria 8 87,063 Sliven
7%
Montenegro 10 10,707 Ulcinj
7%
Austria 10 67,496 Wiener Neustadt
7%
Serbia 6 76,511 Zrenjanin
7%
Lithuania 6 51,561 Alytus
6%
Greece 9 74,564 Chalcis
6%
Bulgaria 9 84,502 Dobrich
6%
Andorra 8 2,423 El Pas de la Casa
6%
Andorra 5 5,605 La Massana
6%
Latvia 8 23,272 Ogre
6%
Serbia 7 76,203 Pančevo
6%
Montenegro 3 19,136 Pljevlja
6%
Bosnia and Herzegovina 9 27,970 Prijedor
6%
Albania 5 76,000 Shkodra
6%
Lithuania 10 25,859 Utena
6%
San Marino 2 2,394 Borgo Maggiore
5%
Ireland 9 27,760 Bray
5%
Andorra 9 2,247 Canillo
5%
Albania 4 78,703 Elbasani
5%
Estonia 9 13,276 Kuressaare
5%
Andorra 6 3,005 Ordino
5%
Malta 4 16,268 Qormi
5%
Estonia 7 15,413 Rakvere
5%
Bulgaria 5 144,125 Rousse
5%
Macedonia 6 44,510 Štip
5%
Hungary 10 77,984 Szombathely
5%
Liechtenstein 7 2,608 Triesenberg
5%
Macedonia 7 43,140 Veles
5%
Belarus 9 143,051 Barysaw
4%
Montenegro 7 12,900 Bijelo Polje
4%
Moldova 7 28,763 Cahul
4%
Moldova 8 25,060 Dubăsari
4%
Austria 8 110,953 Feldkirch
4%
Estonia 5 34,394 Kohtla-Järve
4%
Ireland 8 28,399 Navan
4%
Luxembourg 5 18,688 Pétange
4%
Latvia 7 28,156 Rēzekne
4%
Bulgaria 10 75,837 Shumen
4%
Macedonia 9 36,920 Strumica
4%
Latvia 9 23,063 Valmiera
4%
Slovenia 6 24,939 Velenje
4%
Estonia 6 17,525 Viljandi
4%
San Marino 5 1,048 Domagnano
3%
Kosovo 3 54,239 Gnjilane
3%
Latvia 10 22,188 Jēkabpils
3%
Lithuania 9 27,062 Jonava
3%
Liechtenstein 6 4,344 Mauren
3%
Iceland 7 10,225 Mosfellsbær
3%
Ireland 10 21,493 Naas
3%
Moldova 10 21,065 Orhei
3%
Moldova 5 47,949 Rîbnița
3%
Andorra 7 2,967 Santa Coloma d'Andorra
3%
Liechtenstein 10 1,084 Schellenberg
3%
Estonia 10 12,989 Sillamäe
3%
Moldova 9 22,196 Soroca
3%
Moldova 4 91,882 Tighina
3%
Moldova 6 30,804 Ungheni
3%
Portugal 10 79,805 Agualva-Cacém
2%
Belarus 8 179,166 Baranovichi
2%
Montenegro 8 11,073 Berane
2%
Albania 7 51,152 Berati
2%
Luxembourg 8 11,003 Bettembourg
2%
Malta 10 12,174 Birżebbuġa
2%
Kosovo 7 40,827 Ðakovica
2%
Liechtenstein 9 1,658 Gamprin
2%
Luxembourg 7 15,246 Hesperange
2%
Slovenia 10 13,724 Kamnik
2%
Albania 6 55,845 Korça
2%
Finland 8 119,573 Lathi
2%
Estonia 8 15,189 Maardu
2%
Lithuania 8 33,281 Mažeikiai
2%
Kosovo 9 23,453 Orahovac
2%
Liechtenstein 8 2,268 Ruggell
2%
Luxembourg 9 10,750 Schifflange
2%
Norway 10 51,571 Tønsberg
2%
Slovenia 9 13,759 Trbovlje
2%
Greece 10 61,653 Tríkala
2%
Kosovo 6 42,628 Uroševac
2%
Malta 6 14,901 Żabbar
2%
Andorra 10 1,766 Arinsal
1%
Austria 6 164,731 Bergenz
1%
Luxembourg 10 10,294 Käerjeng
1%
Macedonia 10 29,290 Kavadarci
1%
Albania 10 20,848 Kavaja
1%
Albania 8 36,496 Lushnja
1%
Malta 9 12,281 Marsaskala
1%
Malta 7 13,879 Naxxar
1%
Kosovo 8 27,272 Podujevo
1%
Albania 9 27,000 Pogradeci
1%
Luxembourg 6 16,780 Sanem
1%
Malta 8 12,734 San Ġwann
1%
Iceland 6 12,912 Garðabær
0%
Lithuania 7 35,758 Kapsukas
0%
Kosovo 10 15,892 Matičane
0%
San Marino 4 1,549 Murata
0%
Iceland 10 4,575 Seltjarnarnes
0%
No matching quizzes found
Score Distribution
Percent of People with Each Score
Percentile by Number Answered
Your Score History
You have not taken this quiz since the last reset